000 00503nam a2200157 4500
999 _c4959
_d4959
008 160930b xxu||||| |||| 00| 0 eng d
022 _a16565649
082 _aDPer 303.405 H22 May-Sept 2015 n. 6-10
100 _915591
_aLu, James
245 _aGetting the most bang for your buck/
_cJames Lu.
260 _aQuezon City:
_bHardware Zone Phils. Corp.,
_c©2015.
300 _av11 i9, pages 50-61;
_c30 cm.
500 _aHWM Philippines.
650 0 _915592
_aCellular telephones
942 _2ddc
_cPER